Poisonous animals / (Record no. 5255)
[ view plain ]
| 000 -LEADER | |
|---|---|
| fixed length control field | 00808nam a22002417a 4500 |
| 001 - CONTROL NUMBER | |
| control field | 5255 |
| 003 - CONTROL NUMBER IDENTIFIER | |
| control field | FISKH |
| 005 - DATE AND TIME OF LATEST TRANSACTION | |
| control field | 20250730142027.0 |
| 008 - FIXED-LENGTH DATA ELEMENTS--GENERAL INFORMATION | |
| fixed length control field | 241121b cb ||||| |||| 00| 0 eng d |
| 020 ## - INTERNATIONAL STANDARD BOOK NUMBER | |
| International Standard Book Number | 9780439796002 |
| 040 ## - CATALOGING SOURCE | |
| Original cataloging agency | FISKH |
| Language of cataloging | eng |
| Transcribing agency | FISKH |
| Modifying agency | FISKH |
| 050 ## - LIBRARY OF CONGRESS CALL NUMBER | |
| Classification number | QL100.S59 |
| 082 ## - DEWEY DECIMAL CLASSIFICATION NUMBER | |
| Classification number | 591.6 |
| 100 ## - MAIN ENTRY--PERSONAL NAME | |
| Personal name | Simon, Seymour |
| Dates associated with a name | (1931-) |
| 245 ## - TITLE STATEMENT | |
| Title | Poisonous animals / |
| Statement of responsibility, etc. | Seymour Simon |
| 250 ## - EDITION STATEMENT | |
| Edition statement | First printing in 2007 |
| 260 ## - PUBLICATION, DISTRIBUTION, ETC. | |
| Place of publication, distribution, etc. | New York : |
| Name of publisher, distributor, etc. | Scholastic, |
| Date of publication, distribution, etc. | 2007. |
| 300 ## - PHYSICAL DESCRIPTION | |
| Extent | 31 pages : |
| Other physical details | Color illustrations ; |
| Dimensions | 23 cm |
| 520 ## - SUMMARY, ETC. | |
| Summary, etc. | Describes the behavior and characteristics of different kinds of poisonous animals, including snakes, spiders and scorpions, insects, reptiles and amphibians and sea dwellers. |
| 650 ## - SUBJECT ADDED ENTRY--TOPICAL TERM | |
| Source of heading or term | Poisonous animals |
| Topical term or geographic name entry element | Animals |
| 942 ## - ADDED ENTRY ELEMENTS (KOHA) | |
| Source of classification or shelving scheme | Dewey Decimal Classification |
| Koha item type | Books |
| Suppress in OPAC | No |
| Withdrawn status | Lost status | Source of classification or shelving scheme | Damaged status | Not for loan | Collection | Home library | Current library | Shelving location | Date acquired | Total Checkouts | Full call number | Barcode | Date last seen | Copy number | Price effective from | Koha item type |
|---|---|---|---|---|---|---|---|---|---|---|---|---|---|---|---|---|
| Dewey Decimal Classification | Non-Fiction | Footprints International School Library Network Toul Kork Campus | Footprints International School Library Network Toul Kork Campus | A TK Campus, 4th Floor, Room B401, Non-Fiction Bookcases(7-8) | 11/21/2024 | SIM 591.6 QL100.S59 | FISTK05632 | 11/21/2024 | 1 | 11/21/2024 | Books | |||||
| Dewey Decimal Classification | Non-Fiction | Footprints International School Library Network Toul Tom Poung Campus | Footprints International School Library Network Toul Tom Poung Campus | TTP Secondary Non-Fiction Bookshelves | 07/30/2025 | SIM 591.6 QL100.S59 | FISSE01185 | 07/30/2025 | 2 | 07/30/2025 | Books |
